Energy assessor qualification and accreditation (Record no. 120662)

MARC details
000 -LEADER
fixed length control field 01299cai a22002055a 4500
001 - CONTROL NUMBER
control field L143404
008 - FIXED-LENGTH DATA ELEMENTS--GENERAL INFORMATION
fixed length control field 080506u xxk g 000 0 eng d
035 ## - SYSTEM CONTROL NUMBER
System control number (Sirsi) u143404
041 0# - LANGUAGE CODE
Language code of text/sound track or separate title eng
110 1# - MAIN ENTRY--CORPORATE NAME
Corporate name or jurisdiction name as entry element United Kingdom
Subordinate unit Department for Communities and Local Government
9 (RLIN) 4939
245 00 - TITLE STATEMENT
Title Energy assessor qualification and accreditation
Medium [electronic resource]
520 ## - SUMMARY, ETC.
Summary, etc. Provides information on the qualifications and accreditation required for energy assessors to carry out Energy Performance and Display Certificates. Lists Secretary of State approved companies that can operate as accreditation schemes for energy assessment for existing dwellings and provides information on energy assessor accreditation for other than existing dwellings. Various downloads contain information on the energy assessor accreditation process.
590 ## - LOCAL NOTE (RLIN)
Local note KA
650 24 - SUBJECT ADDED ENTRY--TOPICAL TERM
Topical term or geographic name entry element COMMERCIAL ENERGY PERFORMANCE CERTIFICATES
650 24 - SUBJECT ADDED ENTRY--TOPICAL TERM
Topical term or geographic name entry element RESIDENTIAL ENERGY PERFORMANCE CERTIFICATES
651 #4 - SUBJECT ADDED ENTRY--GEOGRAPHIC NAME
Geographic name England and Wales
Chronological subdivision 1543-
690 ## - LOCAL SUBJECT ADDED ENTRY--TOPICAL TERM (OCLC, RLIN)
Topical term or geographic name as entry element ENVIRONMENTAL AND LAND CONSULTANCY-ENERGY-ENERGY USE-ENERGY EFFICIENCY
856 40 - ELECTRONIC LOCATION AND ACCESS
Uniform Resource Identifier <a href="https://www.communities.gov.uk/planningandbuilding/theenvironment/energyperformance/energyassessorqualification/">https://www.communities.gov.uk/planningandbuilding/theenvironment/energyperformance/energyassessorqualification/</a>
Public note View the website free of charge at www.communities.gov.uk...
942 ## - ADDED ENTRY ELEMENTS (KOHA)
Suppress in OPAC 0
Holdings
Withdrawn status Lost status Source of classification or shelving scheme Damaged status Not for loan Home library Current library Shelving location Date acquired Total Checkouts Full call number Barcode Date last seen Copy number Price effective from Koha item type
    Dewey Decimal Classification     Virtual Virtual Online 06/05/2008   WEB SITE 143404-2001 06/08/2019 1 06/08/2019 Online material